El Estado de la periferia capitalista /

Bewaard in:
Bibliografische gegevens
Hoofdauteur: Lechner, Norbert
Formaat: Texto
Tags: Voeg label toe
Geen labels, Wees de eerste die dit record labelt!

MARC

LEADER 00000 a a2200000 04500
001 7823
003
040
100 |a Lechner, Norbert  
245 |a El Estado de la periferia capitalista /  |c Norbert Lechner 
773 |g número 28; páginas 171-179  
999 |c 31619  |d 31619